|
|
|
|
| LEADER |
00000nab a2200000 a 4500 |
| 001 |
vtls000573632 |
| 003 |
SK-MaSNL |
| 005 |
20260304090907.0 |
| 008 |
250425c1995 xo 0 slo |
| 015 |
|
|
|a SNBRB19rr/mm-uuuuu
|
| 035 |
|
|
|a CL0573770
|
| 035 |
|
|
|a urn:nbn:sk:snk-ab6xk8
|
| 035 |
|
|
|a (uuid)cb4c39ae-43b7-4143-a545-9c368a295c46
|
| 035 |
|
|
|a (urnnbn)urn:nbn:sk:snk:ar-a065pw
|
| 035 |
|
|
|a (sysno)vtls000573632
|
| 040 |
|
|
|a SNKBUCL
|b slo
|c SNKBUCL
|e AACR2
|
| 041 |
0 |
|
|a slo
|
| 044 |
|
|
|a xo
|c SK
|
| 080 |
|
|
|a 616.311.2
|2 1981
|
| 100 |
1 |
|
|a Markovská, Neda
|4 aut
|9 376884
|
| 245 |
1 |
0 |
|a Výsledky epidemiologickej sondy výskytu ochorení parodontu podľa kritérií WHO
|c Neda Markovská
|
| 300 |
|
|
|b Tab. 5, res. angl., slov., lit. 16 zázn. v angl., češ., slov.
|
| 650 |
0 |
7 |
|a parodont
|2 snkbucl
|9 122565
|
| 650 |
0 |
7 |
|a Svetová zdravotnícka organizácia
|2 snkbucl
|9 15128
|
| 655 |
|
7 |
|a články z novín a časopisov
|2 snkbucl
|9 267496
|
| 773 |
0 |
|
|t Stomatológ
|g Roč. 6, č. 4 (1995), s. 106-109
|x 1335-0005
|
| 850 |
|
|
|a Slovenská národná knižnica
|
| 852 |
|
|
|a Slovenská národná knižnica
|
| 954 |
|
|
|a odborná, vedecká literatúra pôvodná (slovenská)
|2 lita
|
| 958 |
|
|
|a article27
|
| 958 |
|
|
|a NB
|
| 958 |
|
|
|a RK
|
| 958 |
|
|
|a MI
|
| 958 |
|
|
|a OND
|
| 958 |
|
|
|a EUIPO
|
| 992 |
|
|
|a RBX
|
| 999 |
|
|
|c 2813232
|d 2815162
|